000 01213nam a22002777a 4500
003 OSt
005 20251221163525.0
008 251221b |||||||| |||| 00| 0 eng d
020 _a9780415572699 (pbk)
020 _a9780415410083 ( hbk)
020 _a9780415895191 (ebk)
040 _cDCL
041 _aEnglish
082 _a305.8009591
100 1 _aSouth, Ashley
245 1 0 _aEthnic politics in Burma : states of conflict /
_b
_cAshley South.
260 _aNew York :
_bRoutledge,
_c2008.
300 _axx, 227 pages :
_bmaps, tables ;
_c24 cm.
500 _aIncludes bibliographical references (p. [233]-256) and index.
505 _aConflicting histories Shifting identities State and society, grievance and greed, ethnicity and insurgency Armed conflict since 1988 Enemies and allies on the Thailand border The costs of conflict State, ceasefires and civil society The SPDC and the ceacefire movement Civil society and social change Re-imagining communities.
650 _aEthnic conflict
_zMyanmar
650 _aConflict management
_zMyanmar
651 _aMyanmar
_vEthnic relations
651 _aMyanmar
_xPolitics and government
_z1988-
942 _2ddc
_cSHORT TERM
_n0
999 _c2773
_d2773